000 01164nam a22002537a 4500
005 20140704121212.0
008 140704b2011 ck ||||| ||||a00| 0 spa d
020 _a9789585723801
041 _aspa
_aeng
044 _ack
082 0 4 _a634.9
_bG98p
100 1 _aGutiérrez-Melo, Edison D.
_924638
245 1 0 _aPrograma de reforestación comercial, un modelo de trabajo exitoso, diez años construyendo bosques
_cEdison Gutierrez Melo y Natalia González Romero
260 _aBogotá
_bONF Internacional
_bONF Andina
_bCormagdalena
_c2011
300 _a118 p.
_bfot. (col)
_c34 x 24 cm.
505 _a1. El programa de reforestación comercial-PRC 2. Los beneficios del PRC 3. PRC diez años de aprendizaje
546 _aTítulo en inglés The commercial reforestation program, a successful work model, ten years building forest.
546 _aDocumento en español e inglés
650 _aReforestación comercial
_zMagdalena (Dpt. Colombia)
_924639
650 _aConservación de los recursos naturales
_924640
650 6 _aProyectos de inversión
_zMagdalena (Dpt. Colombia)
_924641
700 1 _aGonzález-romero, Natalia
_924642
942 _2ddc
_cImpreso
999 _c8511
_d8511